00721nam a2200217Ia 4500003000400000005001700004008004000021020001800061040000700079041000800086082001600094100003000110245006100140260005500201300001300256690004900269906001100318942001200329999001900341952014300360OSt20251027092327.0210210b2009 xxu||||| |||| 00| 0 eng d a9789380162096 cAL aeng a362.83 BANN aSomya Banerjee Ed9242791 aNational policy for womenb: with schemes and guidelines aNew DelhibArise Publishers and Distributorsc2009 axii,276p aSocial Welfare Problems and Services9242800 a065602 2ddccBK c146764d146764 00102ddc40708SWaALbALd2021-02-17eAlka Prakashan Kanpur-208007g800.00l0o362.83 BANNp065602r2021-02-17 00:00:00w2021-02-17yBK